Every Governor of Maryland - Statistics

General Stats
  • This quiz has been taken 39 times
  • The average score is 15 of 66
Answer Stats
Picture Hint Answer % Correct
R(2015-2023) Larry Hogan
89%
D(2007-2015) Martin O'Malley
84%
D(2023-) Wes Moore
79%
R(1967-1969) Spiro Agnew
74%
D(1892-1896) Frank Brown
42%
D(1900-1904) John Walter Smith
37%
D(1995-2003) Parris Glendening
37%
I(1777-1779) Thomas Johnson
37%
R(2003-2007) Bob Ehrlich
32%
D(1888-1892) Elihu Emory Jackson
26%
D(1842-1845) Francis Thomas
26%
W(1833-1836) James Thomas
26%
D(1969-1979) Marvin Mandel
26%
DR(1822-1826) Samuel Stevens Jr.
26%
D(1987-1995) William Donald Schaefer
26%
AJ(1831-1831) Daniel Martin
21%
AJ(1829-1830) Daniel Martin
21%
AJ(1831-1833) George Howard
21%
D(1979-1987) Harry Hughes
21%
D(1959-1967) J. Millard Tawes
21%
F(1788-1791) John Eager Howard
21%
DR(1806-1809) Robert Wright
21%
R(1951-1959) Theodore McKeldin
21%
F(1792-1794) Thomas Sim Lee
21%
I(1779-1782) Thomas Sim Lee
21%
D(1920-1935) Albert Ritchie
16%
R(1862-1866) Augustus Bradford
16%
D(1908-1912) Austin Lane Crothers
16%
F(1798-1801) Benjamin Ogle
16%
F(1816-1819) Charles Carnan Ridgely
16%
F(1819-1819) Charles Goldsborough
16%
DR(1809-1811) Edward Lloyd
16%
D(1904-1908) Edwin Warfield
16%
D(1916-1920) Emerson Harrington
16%
D(1851-1854) Enoch Louis Lowe
16%
R(1935-1939) Harry Nice
16%
D(1885-1888) Henry Lloyd
16%
D(1939-1947) Herbert O'Conor
16%
DR(1801-1803) John Francis Mercer
16%
DR(1797-1798) John Henry
16%
F(1794-1794) John Hoskins Stone
16%
D(1876-1880) John Lee Carroll
16%
R(1896-1900) Lloyd Lowndes Jr.
16%
D(1869-1872) Oden Bowie
16%
R(1912-1916) Phillips Lee Goldsborough
16%
DR(1811-1812) Robert Bowie
16%
DR(1803-1806) Robert Bowie
16%
D(1884-1885) Robert Milligan McLane
16%
DR(1819-1822) Samuel Sprigg
16%
A(1858-1862) Thomas Holliday Hicks
16%
J(1830-1831) Thomas King Carroll
16%
W(1845-1848) Thomas Pratt
16%
R(1866-1869) Thomas Swann
16%
W(1836-1839) Thomas Veazey
16%
D(1854-1858) Thomas Watkins Ligon
16%
D(1839-1842) William Grason
16%
I(1782-1785) William Paca
16%
D(1872-1874) William Pinkney Whyte
16%
D(1947-1951) William Preston Lane Jr.
16%
I(1785-1788) William Smallwood
16%
D(1880-1884) William Thomas Hamilton
16%
F(1791-1792) George Plater
11%
D(1874-1876) James Black Groome
11%
DR(1826-1829) Joseph Kent
11%
F(1812-1816) Levin Winder
11%
D(1848-1841) Philip Francis Thomas
11%
No matching quizzes found
Score Distribution
Percent of People with Each Score
Percentile by Number Answered
Your Score History
You have not taken this quiz